| 000 | 01703agaaa2200337 4500 | ||
|---|---|---|---|
| 001 | 7183 | ||
| 003 | IT-RoPAU | ||
| 005 | 20220918181256.0 | ||
| 007 | d cvaizq | ||
| 008 | 50131s9999||||xx ||| | || ||und|| | ||
| 040 |
_aIT-RoPAU _cIT-RoPAU |
||
| 041 | _aITALIANO | ||
| 100 |
_aLinklater Richard _gCodice regista SPICS: 46091 _951331 |
||
| 130 |
_aPRIMA DELL'ALBA _951332 |
||
| 240 |
_aBEFORE SUNRISE _gT2966 |
||
| 245 |
_aPRIMA DELL'ALBA _cDiretto da: Linklater Richard _pPRIMA DELL'ALBA (Rif. Codice opera principale : D7183) |
||
| 246 | _aBEFORE SUNRISE | ||
| 250 | _aEdizione Standard | ||
| 260 |
_a(AUSTRIA) _bDETOUR FILMPRODUCTION - FILMHAUS'VIENNA / _g"1994 (1° ed.: 1994 ; Ed. Lingua Orig.: 1994)" |
||
| 300 |
_aVHS _bsonoro, col. _c101 minuti |
||
| 508 | _aSoggetto: Linklater Richard -- Krizan Kim | ||
| 511 | _a"Hawke Ethan; Delpy Julie; Eckert Andrea; Poschl Hanno" | ||
| 520 | _aINCONTRARSI ED AMARSI A VIENNA PER UNA NOTTE SOLTANTO PRIMA DI SEPARARSI: LUI AMERICANO IN VIAGGIO PER L'EUROPA CONOSCE CELINE STUDENTESSA PARIGINA DI RITORNO DA BUDAPEST. LEI DOVREBBE PROSEGUIRE LUI FRA 14 ORE HA L'AEREO CHE LO PORTER… NEGLI STATES MA NONOSTANTE QUESTO RA DOMANDE ED INQUIETUDINI CAREZZE E CONFIDENZE JESSE E CELINE VIVONO LA PIU' DOLCE EMOZIONANTE BREVE STORIA D'AMORE DELLA LORO VITA. | ||
| 538 | _aPAL, STEREO | ||
| 546 | _aITALIANO | ||
| 650 |
_aCOMMEDIA _eFILMS [VHS] _xCodice MATERIA SPICS: 9960 _951333 |
||
| 700 |
_aKrizan Kim _e(soggetto) _gCodice Soggetto 2° SPICS: 46090 _951334 |
||
| 700 |
_aLinklater Richard _e(regista) _gCodice regista SPICS: 46091 _951335 |
||
| 700 |
_aLinklater Richard _e(soggetto) _gCodice Soggetto SPICS: 46091 _951336 |
||
| 942 |
_cVH _2ddc |
||
| 999 |
_c107270 _d107270 |
||